Palloni d'Oro del Real Madrid - Statistics

Statistiche generali
  • Questo quiz è stato fatto 101 volte
  • Il punteggio medio è 11 su 12
Statistiche sulle risposte
Edizione Nazione Calciatore % Corretto
2013 Portogallo Cristiano Ronaldo
100%
2014 Portogallo Cristiano Ronaldo
100%
2016 Portogallo Cristiano Ronaldo
100%
2017 Portogallo Cristiano Ronaldo
100%
2002 Brasile Ronaldo
100%
2006 Italia Fabio Cannavaro
99%
2022 Francia Karim Benzema
98%
2018 Croazia Luka Modrić
98%
2000 Portogallo Luís Figo
96%
1957 Argentina / Spagna Alfredo Di Stéfano
91%
1959 Argentina / Spagna Alfredo Di Stéfano
91%
1958 Francia Raymond Kopa
31%
Nessun quiz corrispondente trovato
Distribuzione punteggi
Percentuale di utenti per punteggio
Percentile per numero di risposta
I tuoi punteggi nel tempo
Non hai fatto questo quiz